Mussolini y la exportación de la cultura italiana a España /

Detalles Bibliográficos
Autor principal: Domínguez Méndez, Rubén, 1981- (Autor)
Formato: Electrónico eBook
Lenguaje:español
Publicado: Madrid : Arco/Libros, S. L., [2012]
Colección:Cuadernos de historia (Arco Libros) ; 116.
Materias:
Acceso en línea:Digitalia Hispánica

MARC

LEADER 00000nam a2200000Ii 4500
001 DIGARCOL0319
003 NyNyDIG
006 m o d
007 cr |||||||||||
008 241001s2012 sp a ob 000 0 spa d
035 |a (OCoLC)1403097300 
040 |a DGITA  |b eng  |e rda  |e pn  |c DGITA 
020 |z 9788476358405 
043 |a e-sp---  |a e-it--- 
050 1 4 |a DP86.I8 ebook 
100 1 |a Domínguez Méndez, Rubén,  |d 1981-  |e author. 
245 1 0 |a Mussolini y la exportación de la cultura italiana a España /  |c Rubén Domínguez Méndez. 
264 1 |a Madrid :  |b Arco/Libros, S. L.,  |c [2012] 
300 |a 1 online resource :  |b illustrations. 
336 |a text  |b txt  |2 rdacontent 
337 |a computer  |b c  |2 rdamedia 
338 |a online resource  |b cr  |2 rdacarrier 
347 |a text file  |2 rdaft 
347 |b PDF 
490 1 |a Cuadernos de historia ;  |v 116 
504 |a Includes bibliographical references. 
588 0 |a Online resource; title from PDF title page (Digitalia, viewed October 1, 2024) 
651 0 |a Spain  |x Relations  |z Italy  |x History  |y 20th century. 
651 0 |a Italy  |x Relations  |z Spain  |x History  |y 20th century. 
651 0 |a Spain  |x Civilization  |x Italian influences. 
650 0 |a Italians  |z Spain  |x History  |y 20th century. 
650 0 |a Fascism and culture  |z Spain  |x History  |y 20th century. 
650 0 |a Fascism and culture  |z Italy  |x History  |y 20th century. 
791 2 |a Digitalia (Firm),  |e distributor. 
793 0 |g Digitalia eBook Collection:  |a Arco/Libros 
776 0 8 |i Print version:  |a Domínguez Méndez, Rubén, 1981-  |t Mussolini y la exportación de la cultura italiana a España.  |d Madrid : Arco/Libros, S. L., [2012]  |z 9788476358405 
830 0 |a Cuadernos de historia (Arco Libros) ;  |v 116. 
856 4 0 |3 Digitalia Hispánica  |u https://www.digitaliapublishing.com/a/138347/ 
910 |a Premium collection: 2024